[Event "Araraquara op 2nd"]
[Site "Araraquara"]
[Date "2024.02.11"]
[Round "4"]
[White "Dos Santos Dutra, Fernando Junior Fre"]
[Black "Delgado Ramirez, Neuris"]
[Result "1/2-1/2"]
[WhiteElo "2256"]
[BlackElo "2517"]
[PlyCount "59"]
[EventDate "2024.02.10"]
[EventType "swiss"]
[EventRounds "7"]
[EventCountry "BRA"]
[SourceTitle "CB09_2024"]
[SourceDate "2024.02.28"]
[SourceVersion "1"]
[SourceVersionDate "2024.02.28"]
[SourceQuality "1"]

1. d4 Nf6 2. c4 e6 3. Nc3 Bb4 4. e3 0-0 5. Bd3 Nc6 6. Nge2 e5 7. d5 e4 8. Bc2 Ne5 9. 0-0 Bxc3 10. Nxc3 Nxc4 11. Nxe4 Nxe4 12. Bxe4 f5 13. Qd4 Qh4 14. Bd3 Qxd4 15. exd4 b5 16. a4 Bb7 17. axb5 Bxd5 18. b3 Nb6 19. Bf4 d6 20. Ra3 Rf7 21. Re1 Kf8 22. f3 h6 23. h4 Kg8 24. Kf2 Kf8 25. Kg3 Rf6 26. Rc1 Rf7 27. Re1 Rf6 28. Rc1 Rf7 29. Re1 Rf6 30. Rc1 1/2-1/2

[Event "Campo Grande op 5th"]
[Site "Campo Grande"]
[Date "2019.11.30"]
[Round "3"]
[White "Dos Santos Dutra, Fernando Junior Fre"]
[Black "Castro Silva, Alex"]
[Result "1-0"]
[WhiteElo "2270"]
[BlackElo "1937"]
[PlyCount "59"]
[EventDate "2019.11.28"]
[EventType "swiss"]
[EventRounds "6"]
[EventCountry "BRA"]
[SourceTitle "CBM 193 Extra"]
[Source "ChessBase"]
[SourceDate "2020.01.31"]
[SourceVersion "1"]
[SourceVersionDate "2020.01.31"]
[SourceQuality "1"]

1. d4 Nf6 2. c4 e6 3. Nc3 Bb4 4. f3 Bxc3+ 5. bxc3 d6 6. e4 0-0 7. Bd3 e5 8. Ne2 Nc6 9. 0-0 b6 10. Be3 Ba6 11. Ng3 Na5 12. Qe2 Qd7 13. f4 Qc6 14. d5 Qa4 15. fxe5 Nd7 16. exd6 cxd6 17. Nf5 Ne5 18. Bd4 Bxc4 19. Bxe5 dxe5 20. Qg4 g6 21. Rf3 Bxd3 22. Rxd3 Nb3 23. Qh4 f6 24. Ne7+ Kg7 25. Rf1 Qc4 26. Rh3 h5 27. Nf5+ gxf5 28. Qxh5 Rg8 29. Rxf5 Qxe4 30. Qh7+ 1-0

[Event "Campo Grande op 5th"]
[Site "Campo Grande"]
[Date "2019.11.29"]
[Round "2"]
[White "Felicio, Leonardo Demetrio"]
[Black "Dos Santos Dutra, Fernando Junior Fre"]
[Result "0-1"]
[WhiteElo "1903"]
[BlackElo "2270"]
[PlyCount "62"]
[EventDate "2019.11.28"]
[EventType "swiss"]
[EventRounds "6"]
[EventCountry "BRA"]
[SourceTitle "CBM 193 Extra"]
[Source "ChessBase"]
[SourceDate "2020.01.31"]
[SourceVersion "1"]
[SourceVersionDate "2020.01.31"]
[SourceQuality "1"]

1. d4 c5 2. dxc5 e6 3. Nf3 Bxc5 4. g3 Nf6 5. Bg2 Nc6 6. 0-0 d5 7. b3 Qe7 8. Bb2 0-0 9. Nbd2 e5 10. e3 Rd8 11. Re1 Bf5 12. Nh4 Bg4 13. Bf3 Be6 14. a3 g5 15. Ng2 Rac8 16. b4 Bd6 17. Qb1 Nb8 18. c3 e4 19. Be2 Nbd7 20. Rc1 Ne5 21. Ne1 Nfg4 22. c4 f5 23. c5 Bb8 24. Nb3 Nc4 25. Bxc4 dxc4 26. Nd4 Qf7 27. Nxe6 Qxe6 28. Qc2 Qh6 29. f4 Nxe3 30. Qe2 gxf4 31. Ng2 Nxg2 0-1

[Event "Ponta Pora Caissa 1st"]
[Site "Ponta Pora"]
[Date "2016.04.10"]
[Round "9"]
[White "Dos Santos Dutra, Fernando Junior Fre"]
[Black "Cristino, Felipe Borges"]
[Result "1-0"]
[WhiteElo "2247"]
[BlackElo "1970"]
[PlyCount "67"]
[EventDate "2016.04.01"]
[EventType "tourn"]
[EventRounds "9"]
[EventCountry "BRA"]
[SourceTitle "EXT 2022"]
[Source "ChessBase"]
[SourceDate "2021.10.06"]
[SourceVersion "1"]
[SourceVersionDate "2021.10.06"]
[SourceQuality "1"]

1. d4 Nf6 2. c4 g6 3. Nc3 d5 4. Nf3 Bg7 5. e3 0-0 6. Qb3 c6 7. Ne5 Nbd7 8. f4 Nxe5 9. fxe5 dxc4 10. Bxc4 Nd7 11. Bxf7+ Rxf7 12. e6 Ne5 13. exf7+ Nxf7 14. 0-0 Bf6 15. Ne4 Kg7 16. Bd2 Bf5 17. Nc5 Qc8 18. e4 b6 19. exf5 bxc5 20. fxg6 hxg6 21. dxc5 Rb8 22. Qc4 Rxb2 23. Bc3 Qb8 24. Rae1 Qb5 25. Qxb5 Rxb5 26. Rxe7 Bxc3 27. Rfxf7+ Kh6 28. h4 Kh5 29. Re4 g5 30. Rf5 Bd2 31. hxg5 Bb4 32. Kh2 Bxc5 33. Kh3 Ra5 34. Re6 1-0

[Event "Ponta Pora Caissa 1st"]
[Site "Ponta Pora"]
[Date "2016.04.02"]
[Round "2"]
[White "Dos Santos Dutra, Fernando Junior Fre"]
[Black "Lopes, Marcelo Ferreira"]
[Result "1-0"]
[WhiteElo "2247"]
[BlackElo "2021"]
[PlyCount "107"]
[EventDate "2016.04.01"]
[EventType "tourn"]
[EventRounds "9"]
[EventCountry "BRA"]
[SourceTitle "EXT 2022"]
[Source "ChessBase"]
[SourceDate "2021.10.06"]
[SourceVersion "1"]
[SourceVersionDate "2021.10.06"]
[SourceQuality "1"]

1. d4 Nf6 2. c4 e6 3. Nc3 Bb4 4. e3 0-0 5. Nge2 c5 6. a3 Bxc3+ 7. Nxc3 d6 8. Be2 Nc6 9. d5 exd5 10. cxd5 Ne5 11. 0-0 Re8 12. a4 Ng6 13. f3 b6 14. Kh1 a6 15. Nb1 Bd7 16. Nc3 Qb8 17. Rb1 Qc7 18. e4 c4 19. b4 b5 20. axb5 axb5 21. Bg5 Ra3 22. Qd4 Qa7 23. Qd2 Re5 24. Be3 Qa6 25. Bd4 Re8 26. Rfe1 Nh5 27. Bf1 h6 28. Rbc1 Qa8 29. g4 Nf6 30. Bxf6 gxf6 31. Qxh6 Qa7 32. Qe3 Qxe3 33. Rxe3 Nf4 34. Kg1 Rea8 35. Kf2 Rb3 36. Kg3 Ng6 37. f4 Raa3 38. f5 Ne5 39. Kf4 Rxb4 40. Rg3 Rb2 41. Nd1 Rxg3 42. hxg3 Rb3 43. Be2 Ra3 44. Ne3 Ra2 45. Rc2 Ra1 46. g5 fxg5+ 47. Kxg5 Re1 48. Kf6 Kf8 49. Kg5 Kg7 50. f6+ Kh7 51. Nf5 b4 52. Bxc4 Rxe4 53. Rh2+ Kg8 54. Ne7+ 1-0

[Event "Ponta Pora Caissa 1st"]
[Site "Ponta Pora"]
[Date "2016.04.02"]
[Round "3"]
[White "Gralha, Marcelo Ferreira"]
[Black "Dos Santos Dutra, Fernando Junior Fre"]
[Result "0-1"]
[WhiteElo "1984"]
[BlackElo "2247"]
[PlyCount "96"]
[EventDate "2016.04.01"]
[EventType "tourn"]
[EventRounds "9"]
[EventCountry "BRA"]
[SourceTitle "EXT 2022"]
[Source "ChessBase"]
[SourceDate "2021.10.06"]
[SourceVersion "1"]
[SourceVersionDate "2021.10.06"]
[SourceQuality "1"]

1. Nf3 c5 2. b3 d5 3. Bb2 Nc6 4. e3 a6 5. Be2 d4 6. 0-0 e6 7. e4 Nge7 8. d3 g6 9. Ne1 Bg7 10. f4 0-0 11. g4 f5 12. Nd2 Qc7 13. Ng2 e5 14. gxf5 exf4 15. fxg6 Nxg6 16. Bg4 Nce5 17. Bxc8 Qxc8 18. Qh5 Qg4 19. Qxg4 Nxg4 20. Nf3 Ne3 21. Rf2 Rac8 22. Kh1 Ng4 23. Re2 N6e5 24. Rf1 Ne3 25. Nxe5 Nxf1 26. Nf3 Rc6 27. Ba3 b6 28. Kg1 Ne3 29. Bc1 Rg6 30. Kh1 b5 31. Ngh4 Rg4 32. Bxe3 fxe3 33. Nf5 Rf4 34. Kg2 Rf6 35. Kg3 R4xf5 36. exf5 Rxf5 37. Kg4 Rf6 38. Ng5 Rf2 39. Re1 Rxh2 40. Ne6 Rxc2 41. Kf5 Rf2+ 42. Ke4 Bf8 43. a4 bxa4 44. bxa4 Be7 45. Nc7 Bd8 46. Ne6 Ba5 47. Rg1+ Kh8 48. Rb1 Bb4 0-1

[Event "Campo Grande Circuito Estadual"]
[Site "Campo Grande"]
[Date "2015.09.12"]
[Round "1.1"]
[White "Dos Santos Dutra, Fernando Junior Fre"]
[Black "De Moura, Fernando Alves"]
[Result "1-0"]
[WhiteElo "2144"]
[BlackElo "1797"]
[PlyCount "49"]
[EventDate "2015.09.12"]
[EventType "swiss"]
[EventRounds "5"]
[EventCountry "BRA"]
[SourceTitle "EXT 2022"]
[Source "ChessBase"]
[SourceDate "2021.10.06"]
[SourceVersion "1"]
[SourceVersionDate "2021.10.06"]
[SourceQuality "1"]

1. d4 e6 2. e4 d5 3. e5 c5 4. dxc5 Bxc5 5. Qg4 Kf8 6. Bd3 Qb6 7. Qg3 Nc6 8. c3 Nge7 9. Nf3 Ng6 10. 0-0 Be7 11. h4 Kg8 12. h5 Nf8 13. Nh2 Nd7 14. h6 g6 15. Ng4 f5 16. exf6 Nxf6 17. Nxf6+ Bxf6 18. Bxg6 Kf8 19. Bg5 Rg8 20. Bxf6 Rxg6 21. Qxg6 hxg6 22. h7 Qxb2 23. h8Q+ Kf7 24. Qg7+ Ke8 25. Qxg6+ 1-0

[Event "Tres Lagoas nt"]
[Site "Tres Lagoas"]
[Date "2015.08.08"]
[Round "1.2"]
[White "Dos Santos Dutra, Fernando Junior Fre"]
[Black "Franca, Hector Hugo Queiroz"]
[Result "1-0"]
[WhiteElo "2137"]
[BlackElo "1800"]
[PlyCount "67"]
[EventDate "2015.08.08"]
[EventType "swiss"]
[EventRounds "5"]
[EventCountry "BRA"]
[SourceTitle "EXT 2022"]
[Source "ChessBase"]
[SourceDate "2021.10.06"]
[SourceVersion "1"]
[SourceVersionDate "2021.10.06"]
[SourceQuality "1"]

1. e4 e5 2. Nf3 d6 3. Bc4 h6 4. Nc3 Nf6 5. d4 exd4 6. Nxd4 Bg4 7. f3 Bd7 8. Be3 Nc6 9. Qd2 Ne5 10. Be2 Be7 11. 0-0-0 0-0 12. g4 Nh7 13. Rhg1 f6 14. Nf5 Bxf5 15. gxf5 Nf7 16. Nd5 c6 17. Nf4 Nhg5 18. h4 Nh7 19. Ne6 Qe8 20. Nxg7 Qd7 21. Ne6+ Kh8 22. Nf4 Rg8 23. Ng6+ Rxg6 24. fxg6 Ne5 25. g7+ Kg8 26. f4 Nf7 27. Bg4 Qe8 28. Be6 Rd8 29. Qg2 b6 30. Qg6 c5 31. Rd5 b5 32. Rh5 a5 33. Rxh6 Nhg5 34. Rh8# 1-0

[Event "Campo Grande op"]
[Site "Campo Grande"]
[Date "2013.10.13"]
[Round "5"]
[White "Dos Santos Dutra, Fernando Junior Fre"]
[Black "Lopes, Marcelo Ferreira"]
[Result "1/2-1/2"]
[WhiteElo "2057"]
[BlackElo "2015"]
[PlyCount "49"]
[EventDate "2013.10.11"]
[EventType "swiss"]
[EventRounds "5"]
[EventCountry "BRA"]
[SourceTitle "EXT 2014"]
[Source "ChessBase"]
[SourceDate "2013.11.20"]
[SourceVersion "1"]
[SourceVersionDate "2013.11.20"]
[SourceQuality "1"]

1. d4 Nf6 2. c4 e6 3. Nf3 Bb4+ 4. Bd2 Bxd2+ 5. Nbxd2 d5 6. e3 0-0 7. Qc2 b6 8. cxd5 exd5 9. Rc1 c6 10. Ne5 Bb7 11. Qf5 g6 12. Qg5 Nfd7 13. Qxd8 Rxd8 14. Nxd7 Nxd7 15. b3 a5 16. a4 Rdc8 17. Bd3 Nb8 18. Nf3 f6 19. Kd1 Ba6 20. Ne1 c5 21. Bb5 Bxb5 22. axb5 Nd7 23. Nd3 a4 24. b4 cxd4 25. exd4 1/2-1/2

[Event "Birigui U2200 op 2nd"]
[Site "Birigui"]
[Date "2007.12.07"]
[Round "?"]
[White "Brandao, Evandro Alves"]
[Black "Dos Santos Dutra, Fernando Junior Fre"]
[Result "1-0"]
[WhiteElo "2053"]
[BlackElo "2065"]
[PlyCount "21"]
[EventDate "2007.12.07"]
[EventType "swiss"]
[EventRounds "6"]
[EventCountry "BRA"]
[SourceTitle "EXT 2022"]
[Source "ChessBase"]
[SourceDate "2021.10.06"]
[SourceVersion "1"]
[SourceVersionDate "2021.10.06"]
[SourceQuality "1"]

1. e4 e5 2. Nc3 Nc6 3. Bc4 Bc5 4. Qg4 Qf6 5. Nd5 Qxf2+ 6. Kd1 Kf8 7. Nh3 Qd4 8. d3 Bb6 9. c3 Qc5 10. Rf1 Nf6 11. Rxf6 1-0